Wszystkie stacje linii S1 w Warszawie - Statystyki

Ogólne statystyki
  • Ten quiz został rozwiązany 17 razy
  • Średni wynik to 20 z 24
Statystyki odpowiedzi
Dzielnica / Miasto Stacja % Poprawnych
Pruszków Pruszków
100%
Piastów Piastów
94%
Ochota Warszawa Ochota
94%
Śródmieście Warszawa Śródmieście
94%
Praga Południe Warszawa Stadion
94%
Ursus Warszawa Ursus
94%
Wawer Warszawa Wawer
94%
Włochy Warszawa Włochy
94%
Ochota Warszawa Zachodnia
94%
Józefów Józefów
88%
Otwock Otwock
88%
Wawer Warszawa Falenica
88%
Praga Południe Warszawa Olszynka Grochowska
88%
Śródmieście Warszawa Powiśle
88%
Praga Południe Warszawa Wschodnia
88%
Wawer Warszawa Anin
81%
Ursus Warszawa Ursus Niedźwiadek
75%
Wawer Warszawa Gocławek
69%
Praga Południe Warszawa Grochów
69%
Wawer Warszawa Miedzeszyn
69%
Wawer Warszawa Międzylesie
69%
Wawer Warszawa Radość
69%
Otwock Otwock Świder
63%
Józefów Michalin
56%
Nie znaleziono quizów pasujących do podanych kryteriów
Rozkład punktacji
Procent ludzi z każdym wynikiem
Percentyl według liczby udzielonych odpowiedzi
Twoja historia wyników
Nie rozwiązałeś tego quizu